000 00516cab a2200193 4500
001 A401
008 090401t1984 xxu||||| |||| 00| 0 eng d
035 _a(Sirsi) u29006
041 _aeng
100 _aBailey, N.
245 _aReal estate investment analysis
260 _c1984
350 _a0
490 _aJournal of Valuation
_v(1984) 356-365(10)
650 _aINVESTMENT ANALYSIS
690 _aPROPERTY-COMMERCIAL PROPERTY-COMMERCIAL PROPERTY FINANCE AND INVESTMENT
942 _n0
948 _c04/03/1997
999 _c19521
_d19521